01665nam a2200421 i 450000100060000000300090000600500170001500800390003201500170007102000330008803500210012104000280014204600090017008000150017908000110019408000120020510000380021724500490025526000550030430000450035933600270040433700540043133800280048538000170051338000270053038500390055738800100059650000600060650400470066652102630071365800430097665800150101965500300103465000200106465000200108471000410110485600980114554812KOSZ 00520210318123900.0080408s2008 pl a f f |001 0 pol aPB 2008/9661 a9788320433296z9788320432299 a(OCoLC)749741888 aWA NcWA NdKOSZ 005/HR k2008 a004.032.26 a510.22 a(075.8)1 aŁęski, Jacekd(1963- ).eAutor10aSystemy neuronowo-rozmyte /cJacek Łęski. aWarszawa :bWydawnictwa Naukowo-Techniczne,c2008. aXXXV, [1], 689 s. :bil., err. ;c25 cm. 2rdacontentaTekstbtxt 2rdamediaaBez urządzenia pośredniczącegobn 2rdacarrieraWoluminbnc aKsiążki. aPublikacje dydaktyczne mPoziom nauczaniaaSzkoły wyższe a2001- aNa książce wyłącznie błędnie przypisany ISBN. aBibliogr. s. 649-677 i przy rozdz. Indeks.8 aDla studentów uczelni technicznych, kształcących się na kierunkach informatyka, automatyka, robotyka, inżynieria biomedyczna i telekomunikacja, a także dla studentów uniwersytetów, kształcących się na wydziałach informatyki i matematyki. aInformatyka i technologie informacyjne aMatematyka 4aPodręczniki akademickie 4aSieci neuronowe 4aZbiór rozmyty2 aWydawnictwa Naukowo-Techniczne4pbl. uhttp://koha.tu.koszalin.pl/cgi-bin/koha/opac-detail.pl?biblionumber=54812yKatalog online BPK